The mind's I : fantasies and reflections on self and soul

Αποθηκεύτηκε σε:
Λεπτομέρειες βιβλιογραφικής εγγραφής
Κύριοι συγγραφείς: Hofstadter, Douglas R., 1945-, Dennett, Daniel Clement (Συγγραφέας)
Μορφή: Βιβλίο
Γλώσσα:English
Δημοσίευση: Toronto : Bantam Books, c1981.
Θέματα:
Ετικέτες: Προσθήκη ετικέτας
Δεν υπάρχουν, Καταχωρήστε ετικέτα πρώτοι!

MARC

LEADER 00000cam a2200000 i 4500
001 1/38439
008 941103s1981 cn | ||| |||| ||eng||
020 |a 0553345842  
035 |a 1993  |c ΒΙΒΛΙΟΘΗΚΗ  |l 10040766 
040 |a GR-MyUa  |b gre  |e AACR2 
041 0 |a eng 
082 7 |a 126   |2 (22) 
100 1 |a Hofstadter, Douglas R.,   |d 1945- 
245 1 4 |a The mind's I :   |b fantasies and reflections on self and soul /   |c composed and arranged by Douglas R. Hofstadter and Daniel C. Dennett.  
260 |a Toronto :   |b Bantam Books,   |c c1981. 
300 |a 501 σ. ;   |c 23 εκ.  
500 |a Includes selected writings of Jorge Luis Borges and others with reflections by the authors. 
500 |a Περιλαμβάνει ευρετήριο. 
650 0 |a Self (Philosophy) 
650 0 |a Self (Philosophy)  |x Literary collections. 
650 0 |a Intellect. 
650 0 |a Intellect  |x Literary collections. 
650 0 |a Consciousness. 
650 0 |a Consciousness  |x Literary collections. 
650 0 |a Soul. 
650 0 |a Soul  |x Literary collections. 
700 1 |a Dennett, Daniel Clement,  |e aut 
767 0 8 |i Μεταφρασμένο ως:   |t Το εγώ της νόησης :  
852 |a INST  |b SAMOS  |e 19941103  |h 126 HOF  |p 005300008101  |q 005300008101  |t BK  |y 0